Schnelle Mathematik: Vielfachen von 10 - Statistiken

Allgemein
  • Dieses Quiz wurde 448 mal gespielt
  • Das Durchschnittsergebnis liegt bei 10 aus 10
Antwortstatistiken
Hint Antwort % Korrekt
2*10 20
100%
1*10 10
99%
3*10 30
99%
4*10 40
99%
5*10 50
99%
6*10 60
98%
7*10 70
98%
8*10 80
97%
9*10 90
97%
10*10 100
94%
Keine übereinstimmenden Quizze gefunden
Verteilung der Resultate
Anzahl Personen mit jedem Resultat
Perzentil nach korrekt beantworteten Fragen
Ihre Resultats-Entwicklung
Sie haben dieses Quiz noch nicht gespielt